Le cheval de bronze [ (Record no. 168914)

MARC details
000 -LEADER
campo de control de longitud fija 00676nam a22001935i 4500
001 - NÚMERO DE CONTROL
campo de control 168914
003 - IDENTIFICADOR DE NÚMERO DE CONTROL
campo de control ES-MaACL
005 - FECHA Y HORA DE LA ÚLTIMA TRANSACCIÓN
campo de control 20230906213927.0
008 - DATOS DE LONGITUD FIJA--INFORMACIÓN GENERAL
campo de control de longitud fija 080624q1860 fr |||| | fre d
080 ## - NÚMERO DE LA CLASIFICACIÓN DECIMAL UNIVERSAL
Número de la Clasificación Decimal Universal 782.089.7
100 1# - ENTRADA PRINCIPAL--NOMBRE DE PERSONA
Nombre de persona Auber, Daniel-François-Esprit.
9 (RLIN) 23789
245 13 - MENCIÓN DEL TÍTULO
Título Le cheval de bronze [
Medio Música impresa]
Resto del título : opéra-comique en trois actes /
Mención de responsabilidad, etc. musique de Auber.
260 ## - PUBLICACIÓN, DISTRIBUCIÓN, ETC.
Lugar de publicación, distribución, etc. Paris :
Nombre del editor, distribuidor, etc. E. Troupenas et Cie.,
Fecha de publicación, distribución, etc. [ca. 1860]
300 ## - DESCRIPCIÓN FÍSICA
Extensión 1 partitura vocal ( 238 p.) ;
Dimensiones 28 cm.
650 #4 - PUNTO DE ACCESO ADICIONAL DE MATERIA--TÉRMINO DE MATERIA
Término de materia o nombre geográfico como elemento de entrada Óperas-
Subdivisión general Partituras vocales.
9 (RLIN) 137997
852 4# - LOCALIZACIÓN
Ubicación ES-MaACL
Número de control de estantería L-29320
Nota libre - Biblioteca Jacinto Martínez Lacalle
942 ## - ELEMENTOS DE ENTRADA SECUNDARIOS (KOHA)
Fuente del sistema de clasificación o colocación Clasificación decimal universal
Holdings
Estatus retirado Estado de pérdida Fuente del sistema de clasificación o colocación Estado de daño No para préstamo Colección Biblioteca de origen Biblioteca actual Ubicación en estantería Fecha de adquisición Total de préstamos Signatura topográfica completa Código de barras Visto por última vez Precio de reemplazo Tipo de ítem Koha
    Clasificación decimal universal     Libros del s. XIX Biblioteca del Ateneo de Madrid Biblioteca del Ateneo de Madrid Depósito 2 24/06/2008   L-29320 1177271 23/02/2023 23/02/2023 Partitura